| 000 | 00684nam a2200217 a 4500 | ||
|---|---|---|---|
| 005 | 20220923063516.0 | ||
| 008 | 010711s1995 r 000 0 eng d | ||
| 020 | _a8433008242 | ||
| 035 | _aUPN01000109515 | ||
| 049 | _aCG | ||
| 050 | 4 |
_aBF503 _bM2.2 1995 |
|
| 100 | 1 | _aMayor Martínez, Luis | |
| 245 | 1 | 0 |
_aAmbitos de aplicación de la psicología motivacional / _cLuis Mayor Martínez, Francisco Tortosa Gil. |
| 250 | _a2a ed. rev. y aum. | ||
| 260 |
_aBilbao : _bDesclée de Brouwer, _cc1995. |
||
| 300 | _a487 p. | ||
| 440 | 0 |
_aBiblioteca de psicología ; _v45 |
|
| 650 | 7 |
_aMotivación (Psicología) _2 _95909 |
|
| 700 | 1 |
_aTortosa Gil, Francisco, _ecoaut. |
|
| 905 | _aLibro | ||
| 999 |
_c83426 _d83426 |
||